Language Quiz

Random Language Quiz

Word links Quiz Stats

 Plays Quiz not verified by Sporcle

Score 0/30 Timer 06:00
0 Plays Today
Word 1 Linking word % Correct
PrairieDog
74.5%
PokerFace
57.4%
SweetTooth
53.2%
MiniatureGolf
53.2%
FossilFuel
46.8%
CloudNine
44.7%
JetBlack
34%
DwarfStar
34%
CommonCold
34%
RicePaper
31.9%
StageRight
31.9%
GreekFire
29.8%
GooseStep
29.8%
CoffeeTable
25.5%
PilotLight
25.5%
Word 1 Linking word % Correct
BrainSand
21.3%
SquashCourt
21.3%
LobsterPot
21.3%
ScratchCard
19.1%
IcePack
17%
SoapBubble
17%
LogicBomb
14.9%
DesertRose
12.8%
HookShot
12.8%
SausageRoll
12.8%
TradeSecret
10.6%
BottleBank
10.6%
GreaseGun
8.5%
ChemicalCompound
6.4%
LatinSquare
4.3%

You're not logged in!

Compare scores with friends on all Sporcle quizzes.
OR
Log In

Show Comments

Extras

Created Nov 3, 2010SourceReportNominate
Tags:link, linking, together

Top Quizzes Today


Score Distribution

Your Account Isn't Verified!

In order to create a playlist on Sporcle, you need to verify the email address you used during registration. Go to your Sporcle Settings to finish the process.

Report this User

Report this user for behavior that violates our Community Guidelines.

Details: